1459 1496 1842 1459 1994 1320 1771 1973 1328 1733 1590 1859 1279 1208 1686 1687 1196 1479 1121 1974 1042 1316 1577 1805 1024 1729 1624 1256 1365 1223 1527 1196 1093 1762 1614 1328 1028 1469 1933 1509 1810 1570 1826 1337 1291 1242 1470 1542 1113 1777 1039 1383 1750 1672 1124 1639 1419 1369 1035 1437 1265 1145 1118 1298 1992 1959 1181 1097 1193 1613 1951 1252 1460 1616 1327 1823 1732 1328 1655 1082 1703 1677 1383 1815 1544 1894 1679 1865 1768 1635 1534 1688 1426 1116 1643 1728 1239 1229 1178 BCNSPRNW ULIB Ver.6.0+V

เปลี่ยนเป็นภาษาไทย

Change to English
 แสดงรายละเอียดบรรณานุกรม
  กลับหน้าหลัก

Brief Record : Get Marc (ISO 2709) : E-mail record : QR code < ปิดหน้าต่าง
LEADER : 00000nam 2200000uu 4500
001    13399122505
003     ULIB
008    020711s2548 th a 000 0 tha d
020    9789749300107
090    นว.^bม712C
100    แม็กซ์ อัลลัน คอลลินส์
110    อินเตอร์บุ๊คส์
245    CSI : ไขปมคดีปริศนา ตอน นรกเย็น/^cแม็กซ์ อัลลัน คอลลินส์
250    พิมพ์ครั้งที่ 1
260    กรุงเทพฯ :^bอินเตอร์บุ๊คส์,^c2548
300    376 หน้า
945    ^p250^l0^i19964
999    ^aทศพร เกษรทอง
รายการนี้ยังไม่มีแท็ก
คุณยังไม่ได้ล็อกอิน คุณสามารถมีกิจกรรมร่วมกับเว็บไซต์ได้ แต่ต้องล็อกอินก่อน ::
  ล็อกอิน

รายการสื่อสารสนเทศ

ลำดับที่ ประเภท เลขเรียก/บาร์โค้ด สถานที่ สถานะ
1. นวนิยาย
นวนิยาย
นว. ม712C  
  Barcode: 19964
ห้องสมุดวิทยาเขตสวรรค์ประชารักษ์
►นวนิยาย
บนชั้น
  ขอยืม

BibComment


ยังไม่เคยถูกคอมเมนท์

คอมเมนท์ทรัพยากรรายการนี้
  คอมเมนท์: CSI ไขปมคดีปริศน..


 Copyright 2026. Bcnsprnw @Library